Biggest cities in South America - Statistics

General Stats
  • This quiz has been taken 57 times
  • The average score is 8 of 10
Answer Stats
Population City % Correct
15 Buenos Aires
96%
13.4 Río de Janeiro
96%
21.7 São Paulo
92%
10.4 Lima
91%
10.6 Bogotá
83%
4.5 Brasilia
81%
6.7 Santiago
81%
6 Belo Horizonte
58%
4 Recife
47%
4 Fortaleza
40%
No matching quizzes found
Score Distribution
Percent of People with Each Score
Percentile by Number Answered
Your Score History
You have not taken this quiz